| 000 | 01227nkm a2200277 i 4500 | ||
|---|---|---|---|
| 001 | 4385 | ||
| 003 | ES-MaACL | ||
| 005 | 20250812165106.0 | ||
| 007 | khrbo | ||
| 008 | 070710s1988 sp --- g |001||spa d | ||
| 100 | 0 |
_aAlfonso, _d1902-1990 _919858 |
|
| 245 | 1 | 0 |
_aPresentación de "Tratado de la manía" de Pinel y "Lecciones de psiquiatría" de Kraepelin [ _hFotografía] / _cAlfonso (sello). |
| 260 |
_a[S.l. : _bs.n.], _c1988. |
||
| 300 |
_a2 fot. : _bb. y n. ; _c12 x 18 cm. |
||
| 500 | _aDatos basados en invitación. | ||
| 511 | 0 | _aIntervienen: Carlos Castilla del Pino, Pedro Marset, Manuel Desviat. | |
| 518 | _aActo organizado por la Sección de Psicología del Ateneo de Madrid, celebrado en el salón de actos el viernes, 24 de junio de 1988, a las 20:30 h. | ||
| 600 | 1 | 4 |
_aCastilla del Pino, Carlos, _d1922-2009 _936651 |
| 600 | 1 | 4 |
_aMarset, Pedro. _977122 |
| 600 | 1 | 4 |
_aDesviat, Manuel. _943961 |
| 610 | 2 | 4 |
_aAteneo de Madrid- _xActos culturales- _y1988- _vFotografías. _91903 |
| 710 | 2 |
_aAteneo de Madrid. _bSección de Psicología. _92008 |
|
| 852 |
_aES-MaACL _jFOT 199/1988 |
||
| 856 | 4 |
_uhttp://www.ateneodemadrid.net/biblioteca_digital/imagenes/1988/0199-1988.jpg _zVer imagen |
|
| 999 |
_c4385 _d4385 |
||